La temperatura, guía de la mujer / (Record no. 71466)

MARC details
000 -LEADER
campo de control de longitud fija 00893nam a2200253 i 4500
001 - NÚMERO DE CONTROL
campo de control 71466
003 - IDENTIFICADOR DE NÚMERO DE CONTROL
campo de control ES-MaACL
005 - FECHA Y HORA DE LA ÚLTIMA TRANSACCIÓN
campo de control 20250804011246.0
007 - CAMPO FIJO DE DESCRIPCIÓN FÍSICA--INFORMACIÓN GENERAL
campo de control de longitud fija t|
008 - DATOS DE LONGITUD FIJA--INFORMACIÓN GENERAL
campo de control de longitud fija 040811s1971 sp ||||1| spa d
080 ## - NÚMERO DE LA CLASIFICACIÓN DECIMAL UNIVERSAL
Número de la Clasificación Decimal Universal 613.888
100 1# - ENTRADA PRINCIPAL--NOMBRE DE PERSONA
Nombre de persona Geller, Sacha.
9 (RLIN) 56263
245 13 - MENCIÓN DEL TÍTULO
Título La temperatura, guía de la mujer /
Mención de responsabilidad, etc. Sacha Geller ; nota preliminar y notas de José López Navarro ; [versión, José Luis Sobrón].
260 ## - PUBLICACIÓN, DISTRIBUCIÓN, ETC.
Lugar de publicación, distribución, etc. Madrid :
Nombre del editor, distribuidor, etc. Rialp,
Fecha de publicación, distribución, etc. [1971]
300 ## - DESCRIPCIÓN FÍSICA
Extensión XXVI, 9-147 p., [1] h. de gráf. pleg. ;
Dimensiones 19 cm.
490 1# - MENCIÓN DE SERIE
Mención de serie Libros de bolsillo Rialp ;
Designación de volumen o secuencia 56
650 #4 - PUNTO DE ACCESO ADICIONAL DE MATERIA--TÉRMINO DE MATERIA
Término de materia o nombre geográfico como elemento de entrada Planificación familiar natural.
9 (RLIN) 173787
650 #4 - PUNTO DE ACCESO ADICIONAL DE MATERIA--TÉRMINO DE MATERIA
Término de materia o nombre geográfico como elemento de entrada Temperatura corporal.
9 (RLIN) 136919
700 1# - ENTRADA AGREGADA--NOMBRE PERSONAL
Nombre de persona López Navarro, José.
9 (RLIN) 73822
700 1# - ENTRADA AGREGADA--NOMBRE PERSONAL
Nombre de persona Sobrón González, José Luis.
9 (RLIN) 107011
830 10 - PUNTO DE ACCESO ADICIONAL DE SERIE-TÍTULO UNIFORME
Título uniforme Libros de bolsillo Rialp
Designación de volumen o secuencia 56
9 (RLIN) 181424
852 4# - LOCALIZACIÓN
Ubicación ES-MaACL
Número de control de estantería C-50663
Holdings
Estatus retirado Estado de pérdida Estado de daño No para préstamo Biblioteca de origen Biblioteca actual Ubicación en estantería Fecha de adquisición Fuente de adquisición Total de préstamos Signatura topográfica completa Código de barras Visto por última vez Precio de reemplazo Tipo de ítem Koha
        Biblioteca del Ateneo de Madrid Biblioteca del Ateneo de Madrid Depósito 2 17/01/2008     C-50663 1074822 23/02/2023 23/02/2023 Libro impreso